Score 0/12 Timer 04:00
0 Plays Today
Hint Answer % Correct
OMANWoman
91.8%
CUBAScuba
87.1%
IRANRainy
73.3%
CHADChard
71.9%
LAOSLasso
52.5%
PERUPurge
51.5%
NEPALPlanet
49.7%
MALIEmail
49%
CHINAAching
47.3%
SPAINPanics
36.8%
KENYAYanked
32.5%
YEMENEnzyme
18.2%

You're not logged in!

Compare scores with friends on all Sporcle quizzes.
OR
Log In

Sporcle TV

Today on Sporcle TV


Watch our educational content, quiz creation guides, and fun videos on Sporcle TV.

Show Comments

Extras

Top Quizzes Today


Score Distribution

Your Account Isn't Verified!

In order to create a playlist on Sporcle, you need to verify the email address you used during registration. Go to your Sporcle Settings to finish the process.

Report this User

Report this user for behavior that violates our Community Guidelines.

Details: